Sports Quiz

Random Sports or Baseball Quiz

MLB Pitchers with 100+ More Wins Than Losses Quiz Stats

 Plays Quiz Updated Oct 5, 2016

Challenge
Share
Tweet
Embed
Score 0/27 Timer 05:00
0 Plays Today
More Wins Than Losses Pitcher % Correct
+137Randy Johnson
92.7%
+138Walter Johnson
92.1%
+195Cy Young
91.5%
+128Greg Maddux
86%
+170Roger Clemens
83.7%
+102Tom Glavine
79.6%
+119Pedro Martinez
78.7%
+106Tom Seaver
66.2%
+130Whitey Ford
60.4%
+185Christy Mathewson
57.1%
+117Mike Mussina
53.3%
+116Jim Palmer
53%
+118Warren Spahn
52.4%
+104Bob Feller
48.2%
More Wins Than Losses Pitcher % Correct
+159Lefty Grove
41.4%
+103Andy Pettitte
40.3%
+101Juan Marichal
39.1%
+165Pete Alexander
38.8%
+109Mordecai Brown
34.8%
+132Eddie Plank
17.8%
+153Kid Nichols
16.4%
+115Charles Radbourn
15.4%
+117Tim Keefe
12.5%
+187Al Spalding
7.6%
+150John Clarkson
7.5%
+104Joe McGinnity
7.1%
+119Bob Caruthers
2%

You're not logged in!

Compare scores with friends on all Sporcle quizzes.
Join for Free
OR
Log In

You Might Also Like...

Show Comments

Extras

Top Quizzes Today


Score Distribution

Your Account Isn't Verified!

In order to create a playlist on Sporcle, you need to verify the email address you used during registration. Go to your Sporcle Settings to finish the process.

Report this User

Report this user for behavior that violates our Community Guidelines.

Details: